Physical and health education for elementary and secondary schools. 1940. (Record no. 21736)

MARC details
000 -LEADER
fixed length control field 01561cam a22003251 4500
001 - CONTROL NUMBER
control field e 40000521
003 - CONTROL NUMBER IDENTIFIER
control field DLC
005 - DATE AND TIME OF LATEST TRANSACTION
control field 20260227111229.0
008 - FIXED-LENGTH DATA ELEMENTS--GENERAL INFORMATION
fixed length control field 840412s1940 ncuagk b s000 0 eng c
010 ## - LIBRARY OF CONGRESS CONTROL NUMBER
LC control number e 40000521
035 ## - SYSTEM CONTROL NUMBER
System control number (OCoLC)10623572
040 ## - CATALOGING SOURCE
Original cataloging agency U.S. Off. of educ.. Library
Transcribing agency DNIE
Modifying agency DLC
042 ## - AUTHENTICATION CODE
Authentication code premarc
043 ## - GEOGRAPHIC AREA CODE
Geographic area code n-us-nc
050 00 - LIBRARY OF CONGRESS CALL NUMBER
Classification number L184
Item number .B2 no. 219
082 ## - DEWEY DECIMAL CLASSIFICATION NUMBER
Classification number 371.7
110 1# - MAIN ENTRY--CORPORATE NAME
Corporate name or jurisdiction name as entry element North Carolina.
Subordinate unit Department of Public Instruction.
245 10 - TITLE STATEMENT
Title Physical and health education for elementary and secondary schools. 1940.
Statement of responsibility, etc. Prepared by Charles E. Spencer, adviser of health and physical education, Division of instructional service, Olive Duncan Brown, assistant adviser of physical education, Division of school health coordinating service, and various committees of teachers and administrators of the public schools and colleges of North Carolina. Issued by the state superintendent of public instruction.
260 ## - PUBLICATION, DISTRIBUTION, ETC.
Place of publication, distribution, etc. Raleigh, N.C.
Date of publication, distribution, etc. [1940]
300 ## - PHYSICAL DESCRIPTION
Extent x, 349 p.
Other physical details incl. illus. (incl. music) diagrs., forms.
Dimensions 23 cm.
490 1# - SERIES STATEMENT
Series statement Its Publication
Volume/sequential designation no. 219
504 ## - BIBLIOGRAPHY, ETC. NOTE
Bibliography, etc. note Bibliography: p. [303]-313. "A selected list of free and inexpensive pamphlets and booklets": p. 326-331.
650 #0 - SUBJECT ADDED ENTRY--TOPICAL TERM
Topical term or geographic name entry element School hygiene.
650 #0 - SUBJECT ADDED ENTRY--TOPICAL TERM
Topical term or geographic name entry element Hygiene.
650 #0 - SUBJECT ADDED ENTRY--TOPICAL TERM
Topical term or geographic name entry element Education
General subdivision Curricula
Geographic subdivision North Carolina.
650 #0 - SUBJECT ADDED ENTRY--TOPICAL TERM
Topical term or geographic name entry element Physical education and training
Geographic subdivision North Carolina.
700 1# - ADDED ENTRY--PERSONAL NAME
Personal name Spencer, Charles E.
700 1# - ADDED ENTRY--PERSONAL NAME
Personal name Brown, Olive Duncan.
810 1# - SERIES ADDED ENTRY--CORPORATE NAME
Corporate name or jurisdiction name as entry element North Carolina.
Subordinate unit Department of Public Instruction.
Title of a work Publication
Volume/sequential designation no. 219.

No items available.

Powered by Koha